It's only natural: building renewables into four future (Record no. 118467)
[ view plain ]
| 000 -LEADER | |
|---|---|
| fixed length control field | 01084cam a2200217 4500 |
| 001 - CONTROL NUMBER | |
| control field | ABS68531 |
| 008 - FIXED-LENGTH DATA ELEMENTS--GENERAL INFORMATION | |
| fixed length control field | 041220n2004 000 0 eng u |
| 035 ## - SYSTEM CONTROL NUMBER | |
| System control number | (Sirsi) u128356 |
| 245 ## - TITLE STATEMENT | |
| Title | It's only natural: building renewables into four future |
| 260 ## - PUBLICATION, DISTRIBUTION, ETC. | |
| Date of publication, distribution, etc. | 2004 |
| 490 ## - SERIES STATEMENT | |
| Series statement | Planning (for the Natural and Built Environment) DTI Renewable Energy Supplement |
| Volume/sequential designation | December 2004, 12 (LOAN) |
| 520 ## - SUMMARY, ETC. | |
| Summary, etc. | This special feature on renewable energy sources looks at the increase in the number of renewable energy plants as part of the government's framework of meeting renewable energy targets by 2010. Outlines planning guidance laid down in PPS22, highlights the role of the Renewable Power Association in promoting renewable energy projects. Concludes with a list of projects at various stages of the planning cycle promoting the use of renewables such as solar energy. |
| 590 ## - LOCAL NOTE (RLIN) | |
| Local note | ABS |
| 590 ## - LOCAL NOTE (RLIN) | |
| Local note | ABS |
| 650 ## - SUBJECT ADDED ENTRY--TOPICAL TERM | |
| Topical term or geographic name entry element | RENEWABLE ENERGY SOURCES |
| 650 ## - SUBJECT ADDED ENTRY--TOPICAL TERM | |
| Topical term or geographic name entry element | PPS22 |
| 650 ## - SUBJECT ADDED ENTRY--TOPICAL TERM | |
| Topical term or geographic name entry element | SOLAR ENERGY |
| 650 ## - SUBJECT ADDED ENTRY--TOPICAL TERM | |
| Topical term or geographic name entry element | RENEWABLE POWER ASSOCIATION |
| 690 ## - LOCAL SUBJECT ADDED ENTRY--TOPICAL TERM (OCLC, RLIN) | |
| Topical term or geographic name as entry element | ENERGY |
| 9 (RLIN) | 6237 |
| 942 ## - ADDED ENTRY ELEMENTS (KOHA) | |
| Suppress in OPAC | 0 |
| Withdrawn status | Lost status | Source of classification or shelving scheme | Damaged status | Not for loan | Home library | Current library | Shelving location | Date acquired | Total Checkouts | Full call number | Barcode | Date last seen | Copy number | Price effective from | Koha item type |
|---|---|---|---|---|---|---|---|---|---|---|---|---|---|---|---|
| Dewey Decimal Classification | London | London | Journal article | 20/12/2004 | ABS68531 | 30061969 | 06/08/2019 | 1 | 06/08/2019 | Journal article |